Statystyki dla Linia Yamanote z mapą - Tokio Japonia

Kliknij tutaj aby rozwiązać quiz!

Ogólne statystyki

  • Ten quiz został rozwiązany 21 razy
  • Średni wynik to 12 z 30

Odpowiedzi na mapie

Odpowiedzi skodowane kolorowo w zielono-czerwonej skali na mapie do tego quizu, zgodnie z poniższymi procentami.
 

Statystyki odpowiedzi

Stacja% Poprawnych
Tokyo
67%
Shibuya
62%
Shinjuku
62%
Akihabara
57%
Ikebukuro
52%
Kanda
48%
Ueno
48%
Harajuku
43%
Nippori
43%
Nishi-Nippori
43%
Shinagawa
43%
Sugamo
43%
Uguisudani
43%
Ebisu
38%
Otsuka
38%
Tabata
38%
Meguro
33%
Mejiro
33%
Osaki
33%
Takadanobaba
33%
Tamachi
33%
Yoyogi
33%
Yurakucho
33%
Hamamatsu-cho
29%
Komagome
29%
Okachimachi
29%
Shinbashi
29%
Shin-Okubo
29%
Gotanda
24%
Takanawa Gateway
19%

Rozkład punktacji

Percentyl według liczby udzielonych odpowiedzi

Procent ludzi z każdym wynikiem

Twoja historia wyników

Nie rozwiązałeś tego quizu